California Counties - Statistics

General Stats
  • This quiz has been taken 120,392 times
    117,361 since last reset
  • The average score is 25 of 58
Answers on the Map
Answers color-coded by a green-red scale on the quiz's map according to % correct below.
 
Answer Stats
County % Correct
Los Angeles
93%
San Francisco
88%
San Diego
86%
Orange
83%
Sacramento
76%
San Bernardino
67%
Santa Barbara
63%
Fresno
62%
Riverside
58%
Napa
53%
Monterey
52%
Alameda
51%
Marin
50%
Ventura
50%
Santa Clara
49%
Santa Cruz
49%
San Luis Obispo
48%
Imperial
46%
Kern
45%
Nevada
45%
San Mateo
44%
Sonoma
44%
Humboldt
43%
Inyo
43%
Contra Costa
42%
Shasta
41%
Yolo
41%
Lake
40%
Sierra
40%
Kings
39%
Mendocino
39%
Merced
38%
Del Norte
37%
Alpine
36%
Mono
36%
San Joaquin
36%
Lassen
35%
Placer
35%
Tulare
35%
Butte
34%
Modoc
34%
Yuba
34%
El Dorado
33%
Siskiyou
32%
Stanislaus
32%
Trinity
32%
Mariposa
31%
San Benito
31%
Solano
31%
Amador
29%
Calaveras
29%
Madera
29%
Glenn
28%
Plumas
28%
Sutter
28%
Tuolumne
27%
Tehama
26%
Colusa
25%
No matching quizzes found
Score Distribution
Percent of People with Each Score
Percentile by Number Answered
Your Score History
You have not taken this quiz since the last reset